LEADER 00865nam0-22002891i-450- 001 990002538910403321 010 $a0471611360 035 $a000253891 035 $aFED01000253891 035 $a(Aleph)000253891FED01 035 $a000253891 100 $a20000920d1989----km-y0itay50------ba 101 0 $aENG 200 1 $aComputer Intensive Methods for Testing Hypotheses$ean Introduction$fEric W. Noreen. 210 $aNew York$cJohn Wiley$d1989. 215 $aIX, 229 p.$d24 cm 610 0 $aStatistica computazionale, Statistica computazionale$atecniche 676 $a519 700 1$aNoreen,$bEric W.$089056 801 0$aIT$bUNINA$gRICA$2UNIMARC 901 $aBK 912 $a990002538910403321 952 $aVIII-B-38$b1845$fMAS 959 $aMAS 996 $aComputer-intensive methods for testing hypotheses$9394529 997 $aUNINA DB $aING01 LEADER 01792oam 2200553M 450 001 9910715788303321 005 20191123062009.9 035 $a(CKB)5470000002514188 035 $a(OCoLC)1065579182 035 $a(OCoLC)995470000002514188 035 $a(EXLCZ)995470000002514188 100 $a20070221d1850 ua 0 101 0 $aeng 135 $aurcn||||||||| 181 $ctxt$2rdacontent 182 $cc$2rdamedia 183 $acr$2rdacarrier 200 10$aChurch, &c., in Yorktown. September 16, 1850 210 1$a[Washington, D.C.] :$c[publisher not identified],$d1850. 215 $a1 online resource (22 pages) 225 1 $aHouse report / 31st Congress, 1st session. House ;$vno. 492 225 1 $a[United States congressional serial set] ;$v[serial no. 585] 300 $aBatch processed record: Metadata reviewed, not verified. Some fields updated by batch processes. 300 $aFDLP item number not assigned. 606 $aChurches of Christ 606 $aChurch buildings 606 $aClaims 606 $aMalicious mischief 606 $aVandalism 606 $aGovernment liability 606 $aWar damage compensation 607 $aUnited States$xHistory$yRevolution, 1775-1783 608 $aLegislative materials.$2lcgft 615 0$aChurches of Christ. 615 0$aChurch buildings. 615 0$aClaims. 615 0$aMalicious mischief. 615 0$aVandalism. 615 0$aGovernment liability. 615 0$aWar damage compensation. 701 $aNelson$b William$f1784-1869$pWhig (NY)$01390594 801 0$bWYU 801 1$bWYU 801 2$bOCLCO 801 2$bOCLCQ 906 $aBOOK 912 $a9910715788303321 996 $aChurch, &c., in Yorktown. September 16, 1850$93443528 997 $aUNINA